[Event "Avoine op 21th"]
[Site "Avoine"]
[Date "2006.07.29"]
[Round "8"]
[White "Ballandras, Renaud"]
[Black "Borges, Joachim"]
[Result "0-1"]
[WhiteElo "1640"]
[BlackElo "2014"]
[PlyCount "62"]
[EventDate "2006.07.22"]
[EventType "swiss"]
[EventRounds "9"]
[EventCountry "FRA"]
[SourceTitle "EXT 2007"]
[Source "ChessBase"]
[SourceDate "2006.11.23"]
[SourceVersion "1"]
[SourceVersionDate "2006.11.23"]
[SourceQuality "1"]

1. e4 d6 2. d4 Nf6 3. Nc3 g6 4. Bg5 c6 5. Qd2 Qa5 6. Bh6 Bxh6 7. Qxh6 Nxe4 8. Qg7 Rf8 9. d5 Nxc3 10. Qxc3 Qxc3+ 11. bxc3 cxd5 12. Nf3 Nc6 13. Bb5 a6 14. Ba4 Bd7 15. Rb1 Na5 16. Bb3 Nxb3 17. Rxb3 b5 18. 0-0 f6 19. Re1 Kf7 20. c4 dxc4 21. Rbe3 Rfe8 22. Rd1 Rad8 23. Rd4 Bc6 24. Rh4 Bxf3 25. Rxf3 h5 26. Rfh3 d5 27. g4 hxg4 28. Rh7+ Ke6 29. Re3+ Kd6 30. Kg2 d4 31. Re4 d3 0-1

[Event "St Chely d'Aubrac op 5th"]
[Site "St Chely d'Aubrac"]
[Date "2005.07.14"]
[Round "7"]
[White "Ruetsch, Johan"]
[Black "Ballandras, Renaud"]
[Result "0-1"]
[WhiteElo "1270"]
[BlackElo "1560"]
[PlyCount "130"]
[EventDate "2005.07.09"]
[EventType "swiss"]
[EventRounds "9"]
[EventCountry "FRA"]
[SourceTitle "CBM 107 Extra"]
[Source "ChessBase"]
[SourceDate "2005.09.01"]
[SourceVersion "1"]
[SourceVersionDate "2005.09.01"]
[SourceQuality "1"]

1. e4 d5 2. exd5 Nf6 3. Bb5+ Bd7 4. Bxd7+ Qxd7 5. Nf3 Nxd5 6. 0-0 Nc6 7. d4 e6 8. c4 Nf6 9. Nc3 0-0-0 10. Be3 Bb4 11. Ne5 Nxe5 12. dxe5 Bxc3 13. bxc3 Qxd1 14. Raxd1 Ne4 15. Rc1 Rd3 16. Bd4 c5 17. Be3 Rhd8 18. Rce1 b6 19. h3 Rxc3 20. f3 Nd2 21. Bxd2 Rxd2 22. Rd1 Rcc2 23. Rxd2 Rxd2 24. Rf2 Rd4 25. Rc2 f6 26. exf6 gxf6 27. g4 Kc7 28. Kg2 Kd6 29. Kg3 h6 30. f4 Rd3+ 31. Kh4 Rf3 32. Rd2+ Ke7 33. f5 exf5 34. Re2+ Kf7 35. gxf5 Rxf5 36. Rd2 Rf4+ 37. Kh5 Rd4 38. Rc2 Rd3 39. h4 Rd4 40. a4 f5 41. Kxh6 Rxh4+ 42. Kg5 Rh3 43. Kxf5 Ra3 44. Rd2 Ke7 45. Re2+ Kd7 46. Rd2+ Kc7 47. Ke6 Kb7 48. Rd7+ Ka6 49. Rd8 Rc3 50. Rc8 Rxc4 51. Kd6 Rxa4 52. Kd5 Kb5 53. Rc7 Rd4+ 54. Ke5 a5 55. Ra7 a4 56. Ra8 Kb4 57. Rb8 b5 58. Rf8 a3 59. Rf3 a2 60. Rf1 Kb3 61. Rf3+ Kc2 62. Ra3 Ra4 63. Re3 a1Q+ 64. Kf5 Qf1+ 65. Kg5 Qf4+ 0-1

[Event "St Chely d'Aubrac op 5th"]
[Site "St Chely d'Aubrac"]
[Date "2005.07.12"]
[Round "5"]
[White "Lepere, Philippe"]
[Black "Ballandras, Renaud"]
[Result "1/2-1/2"]
[WhiteElo "1740"]
[BlackElo "1560"]
[PlyCount "136"]
[EventDate "2005.07.09"]
[EventType "swiss"]
[EventRounds "9"]
[EventCountry "FRA"]
[SourceTitle "CBM 107 Extra"]
[Source "ChessBase"]
[SourceDate "2005.09.01"]
[SourceVersion "1"]
[SourceVersionDate "2005.09.01"]
[SourceQuality "1"]

1. d4 d5 2. Nf3 Nf6 3. h3 e6 4. Bf4 Nc6 5. e3 Be7 6. Nbd2 0-0 7. a3 b6 8. Bd3 Na5 9. b4 Nb7 10. 0-0 c5 11. c3 c4 12. Bc2 Nd6 13. a4 Nde4 14. Nxe4 Nxe4 15. Bxe4 dxe4 16. Nd2 Bb7 17. Qe2 Bd5 18. a5 b5 19. a6 Rc8 20. Ra5 Qb6 21. Bh2 Bxb4 22. cxb4 c3 23. Nxe4 Bxe4 24. Rc1 Rc4 25. Qh5 Rxb4 26. Ra3 Rc8 27. f3 Bg6 28. Qe5 f6 29. Qd6 Qxd6 30. Bxd6 Rb1 31. Ra1 Rxc1+ 32. Rxc1 c2 33. Bc5 Rc7 34. e4 e5 35. Kf2 exd4 36. Bxd4 b4 37. Ke2 b3 38. Kd2 Rc6 39. Ra1 c1Q+ 40. Rxc1 Rxa6 41. Rc8+ Kf7 42. Rc7+ Ke6 43. Rxa7 Rxa7 44. Bxa7 Ke5 45. Kd3 Bf7 46. Bb8+ Ke6 47. Kc3 Kd7 48. Bf4 Bc4 49. e5 Bf1 50. exf6 gxf6 51. g3 Bxh3 52. Be3 Bg2 53. f4 Bd5 54. Bd4 Ke6 55. Kd3 f5 56. Ke3 Kf7 57. Kf2 Kg6 58. Kg1 Kh5 59. Be5 Kg4 60. Kf2 Kh3 61. Bb2 h5 62. Be5 h4 63. gxh4 Kxh4 64. Ke3 Kg3 65. Kd3 Kf3 66. Kc3 Ke3 67. Bb8 Ke2 68. Be5 Be4 1/2-1/2